| 000 | 00598nam a2200217 a 4500 | ||
|---|---|---|---|
| 999 |
_c544 _d544 |
||
| 008 | 190913s2012 ii ||||g |||| 001 0 eng d | ||
| 020 |
_a9788131785034 _cRs. 425.00 |
||
| 040 |
_aKO _beng |
||
| 041 | 0 | _aeng | |
| 044 | _aii | ||
| 082 | 0 | 4 |
_223 _a510.2462 _bR1401 V.2 |
| 100 | 1 | _aRam, Babu | |
| 245 | 1 | 0 |
_aEngineering Mathematics, Volume 2 / _cBabu Ram |
| 260 |
_aNoida : _bDorling Kindersley (India) Pvt. Ltd, _c2012 |
||
| 300 |
_aVarious pagination ; _c23 cm. |
||
| 650 | 0 |
_aMathematical Analysis _vTextbooks |
|
| 650 | 0 |
_aMathematics _vTextbooks |
|
| 904 | _aS_JOY | ||
| 942 | _cBK | ||